000 00527cab a2200193 4500
001 WB2329-29
008 090401t1987 xxu||||| |||| 00| 0 eng d
035 _a(Sirsi) u49674
041 _aeng
245 _aPier scheme
260 _c1987
350 _a0
490 _aSunday Times
_v19/7/87 p29 (2)
520 _aArchitect Simon Allford has won a competition with a visionary scheme to rejuvenate Brighton `s West Pier .
650 _aPIERS
690 _aPLANNING LAW AND PRACTICE
942 _n0
948 _c04/03/1997
999 _c31101
_d31101